[Event "IND-ch U11 Girls"]
[Site "Odisha"]
[Date "2014.07.28"]
[Round "7"]
[White "Salonika, Saina"]
[Black "Thakre, Seeya"]
[Result "1-0"]
[WhiteElo "1775"]
[BlackElo "1368"]
[PlyCount "47"]
[EventDate "2014.07.24"]
[EventType "swiss"]
[EventRounds "11"]
[EventCountry "IND"]
[SourceTitle "CBM 161 Extra"]
[Source "ChessBase"]
[SourceDate "2014.08.29"]
[SourceVersion "1"]
[SourceVersionDate "2014.08.29"]
[SourceQuality "1"]

1. e4 c5 2. Nc3 Nc6 3. f4 g6 4. Nf3 Bg7 5. Bb5 Nd4 6. 0-0 Nxb5 7. Nxb5 d5 8. exd5 a6 9. Nc3 Nf6 10. d4 Nxd5 11. dxc5 Nxc3 12. Qxd8+ Kxd8 13. bxc3 Bxc3 14. Rb1 Kc7 15. Rb3 Bf6 16. Bd2 Bg4 17. Ba5+ Kc8 18. Rd3 Bxf3 19. gxf3 e5 20. Rfd1 b5 21. cxb6 Rb8 22. Rc3+ Kb7 23. Rc7+ Ka8 24. Ra7# 1-0

[Event "IND-ch U11 Girls"]
[Site "Odisha"]
[Date "2014.07.27"]
[Round "6"]
[White "Thakre, Seeya"]
[Black "Bhagyashree, Patil"]
[Result "1/2-1/2"]
[WhiteElo "1368"]
[BlackElo "1508"]
[PlyCount "85"]
[EventDate "2014.07.24"]
[EventType "swiss"]
[EventRounds "11"]
[EventCountry "IND"]
[SourceTitle "CBM 161 Extra"]
[Source "ChessBase"]
[SourceDate "2014.08.29"]
[SourceVersion "1"]
[SourceVersionDate "2014.08.29"]
[SourceQuality "1"]

1. d4 d5 2. Nf3 Nf6 3. e3 e6 4. Bd3 Be7 5. 0-0 0-0 6. b3 Nbd7 7. Bb2 Re8 8. Nbd2 Nf8 9. Ne5 N6d7 10. Ndf3 Ng6 11. c4 c6 12. Rc1 Bf6 13. Nxg6 hxg6 14. Ne5 Nxe5 15. dxe5 Be7 16. f4 dxc4 17. Bxc4 Bc5 18. Bd4 Bb6 19. Bxb6 Qxb6 20. Qe2 Bd7 21. Rfd1 Red8 22. Rd6 Be8 23. Rcd1 Kf8 24. Qd2 Ke7 25. Kf2 Qc7 26. b4 Rd7 27. Rxd7+ Qxd7 28. Qd6+ Qxd6 29. Rxd6 Rd8 30. Rxd8 Kxd8 31. Ke2 Kc7 32. Kd3 Kb6 33. Kd4 Kc7 34. a3 b6 35. g4 Bd7 36. h4 Be8 37. g5 Kd8 38. Bd3 Ke7 39. Be2 Bd7 40. Bd3 Bc8 41. Be2 Bb7 42. Bd3 Ba8 43. Be2 1/2-1/2